| 000 | 00856nam a2200217 i 4500 | ||
|---|---|---|---|
| 001 | 153955 | ||
| 003 | ES-MaACL | ||
| 005 | 20250730063136.0 | ||
| 008 | 960214s1789 it |||| | lat d | ||
| 040 |
_aEUS _bspa _cEUS |
||
| 100 | 1 |
_aEspen, Zergen Bernard van, _d1646-1726 _9126963 |
|
| 245 | 1 | 0 |
_aZegeri Bernardi Van-Espen ... Jus Ecclesiasticum Universum antiquae et recentioris disciplinae _b: tomus sextus : Dissertationes, tractatus et opuscula varia. |
| 260 |
_aVenetiis : _bEx typographia Balleoniana, _c1789. |
||
| 300 |
_aXII, 582 p., [1] h. en bl. ; _c4º. |
||
| 596 | _aMarca tip. en port. | ||
| 597 | _aSign.:a6, A-Z8, 2A-2M8, 2N12. | ||
| 597 | _aTexto a dos col. | ||
| 650 | 0 | 7 |
_aDerecho canónico _2embne _911655 |
| 852 |
_aES-MaACL _jR-774-85 _z-- Enc. pasta española _x-- Olim: G-6783-94 |
||
| 999 |
_c153955 _d153955 |
||